| 000 | nam a22 a 4500 | ||
|---|---|---|---|
| 999 |
_c577 _d577 |
||
| 003 | AKMAL | ||
| 005 | 20170504120224.0 | ||
| 008 | 170504s2005 my e 000 0 may d | ||
| 020 |
_a9833372589 (kkt.) : _cRM6.50 |
||
| 040 | _aAKMAL | ||
| 082 | 0 | 4 |
_a158.1 MOH _222 |
| 090 | 2 | 0 |
_a158.1 _bMOH |
| 100 | 0 |
_aMohd. Fadzilah Kamsah, _cDato', _d1951- _91278 |
|
| 245 | 1 | 0 |
_aPetua orang cemerlang / _cMohd. Fadzilah Kamsah |
| 260 |
_aBentong : _bPTS Millennia, _c2005 |
||
| 300 |
_a62ms. ; _c16cm. |
||
| 500 | _aMengandungi ayat-ayat dari al-Quran | ||
| 650 | 0 |
_aSuccess _xPsychological aspects _91186 |
|
| 650 | 0 |
_aExcellence _91279 |
|
| 650 | 0 |
_aSelf-realization _91157 |
|
| 650 | 0 |
_aSelf-help techniques _91053 |
|
| 942 |
_2ddc _cBOOK |
||